000 01082nam a22002537a 4500
003 Uzh_bibl
008 260423b |||||||| |||| 00| 0 ukr d
020 _c72,50
040 _bукр.
041 _2ukr
_aukr
080 _a821.161.1
090 _a821.161.1
_bК 14
100 _a-
245 _aКазки народів Югославії
_bКазки народів світу
_cУпоряд. Іван Ющук
_hТекст
260 _aКиїв
_b"Веселка"
_c1983
300 _a159 с.
_bіл.
_fВ опр.
520 _aДо збірникаувійшли найхарактерніші казки народів Югославії: сербі, хорватів, Чорногорців,словенців і македонців.
521 _aДля широкого кола читачів.
546 _aукр.
650 _aЛітературно-художнє видання
653 _aЯйце-ватажок
_aТри горошини
_aЧарівна сопілка
655 _aХудожня література
_vКазки
942 _2udc
_cBK
999 _c17496
_d17496